000 00653nam a2200229Ia 4500
003 OSt
005 20220928132625.0
006 a|||||r|||| 00| 0
007 ta
008 220927b |||||||| |||| 00| 0 eng d
024 _a58530
037 _cTextual
040 _aSDCL
_cSDCL
_beng
041 _2eng
_aeng
082 _aY48.235'N8, M1
100 _aLele Jayant
_9482451
245 0 _aElite pluralism and class rule
_b Political development in Maharashtra
260 _aBombay
_bPopular Prakashan
_c1981
300 _axxxviii,263p
_ccm.
942 _hY48.235'N8, M1
_cTEXL
_2CC
999 _c795195
_d795195